000 00552ntaaa2200193 4500
003 01
005 20251027202939.0
008 0714s1973 ag 01
040 _aAR-BaBN
_bspa
_cAR-BaBN
_eaacr
_dRIC
082 _a927.8000 P92
100 _aPreston, Novella D
_918058
245 _aMakers of music
250 _a1 ed.
260 _aNashville :
_bConvention Press,
_cc1960
300 _a95 p
500 _aBiografías de los grandes músicos: Bach, Handel, Haydn, Mozart, Beethoven y Mendelssohn
650 _amúsica-biografías
_930211
942 _cBK
999 _c24783
_d24783